000 00364 a2200157 4500
001 75097
020 _a8574160741
040 _cAnchieta - Colégio São Paulo
100 _acreyfuss, Sonia
240 1 0 _aDo Ancestral do Homem ao Homem
_lpor
245 1 0 _aDo Ancestral do Homem ao Homem
300 _a63
362 0 _a1999
650 4 _aEvolução
942 _cBK
999 _c75097
_d75097